Statistics for Most Visited Websites in the World

Click here to take the quiz!

General Stats

  • This quiz has been taken 27 times
  • The average score is 8 of 20

Answer Stats

HintAnswer% Correct
#3Facebook
100%
#1Google
100%
#10Amazon
96%
#2YouTube
96%
#5Wikipedia
89%
#15Instagram
81%
#11Twitter
81%
#9Yahoo!
63%
#4Baidu
19%
#18Reddit
15%
#16VK
15%
#20Yandex
11%
#6Tencent QQ
7%
#17Sina Weibo
4%
#7Taobao
4%
#13Jingdong Mall
0%
#19Sina Corp
0%
#12Sohu
0%
#8Tmall
0%
#14Windows Live
0%

Score Distribution

Percentile by Number Answered

Percent of People with Each Score

Your Score History

You have not taken this quiz